Các phương trình hàm hai biến và ứng dụng trong giải toán bậc trung học

Các khái niệm cơ bản về phương trình hàm. Các phương trình hàm hai biến. Các ứng dụng của phương trình hàm trong giải toán bậc trung học.

Đã lưu trong:
Sonraí Bibleagrafaíochta
Príomhúdar: Phan Thị Hoàng Linh
Údair Eile: Cao Văn Nuôi TS. (Hướng dẫn)
Formáid: Leabhar
Teanga:Vietnamese
Foilsithe: Đà Nẵng Đại học Đà Nẵng 2015
Ábhair:
Clibeanna: Cuir Clib Leis
Gan Chlibeanna, Bí ar an gcéad duine leis an taifead seo a chlibeáil!
Thư viện lưu trữ: Mạng thư viện Đại học Đà Nẵng
LEADER 01634nam a2200349 4500
001 000020240
003 16685
005 20150317150348.0
008 150310s2015 viesd
041 |a vie 
082 1 4 |a 515.75  |b PH-L 
100 1 |a Phan Thị Hoàng Linh 
245 1 4 |a Các phương trình hàm hai biến và ứng dụng trong giải toán bậc trung học  |c Phan Thị Hoàng Linh ; Cao Văn Nuôi hướng dẫn.  |k Luận văn Thạc sĩ 
260 |a Đà Nẵng  |b Đại học Đà Nẵng  |c 2015 
300 |a 75 tr., phụ lục 3 tr.  |c 29 cm.  |e Tóm tắt 
500 |a Luận văn thạc sĩ Khoa học. Chuyên ngành: Phương pháp toán sơ cấp. Mã số: 60.46.40. 
520 3 |a Các khái niệm cơ bản về phương trình hàm. Các phương trình hàm hai biến. Các ứng dụng của phương trình hàm trong giải toán bậc trung học. 
650 0 4 |a Phương trình hàm  |v Luận văn tốt nghiệp  |x Ứng dụng giải toán 
653 |a Phương pháp toán sơ cấp 
653 |a Phương trình hàm hai biến 
653 |a Giáo dục trung học 
700 1 |a Cao Văn Nuôi  |c TS.  |e Hướng dẫn 
OWN |a LSP 
AVA |a UDN50  |b LSP  |d 515.75 PH-L  |e available  |t Error 5001 Not defined in file expand_doc_bib_avail.  |f 1  |g 0  |h N  |i 0  |k 1 
999 |a From the UDN01 
AVA |a UDN50  |b LSP  |d 515.75 PH-L  |e available  |t Error 5001 Not defined in file expand_doc_bib_avail.  |f 1  |g 0  |h N  |i 0  |k 1 
TYP |a Monograph 
TYP |a Printed language 
980 |a Mạng thư viện Đại học Đà Nẵng